Perfiles estadísticos provinciales: Regiones (Registro nro. 18345)
[ vista simple ]
| 000 -CABECERA | |
|---|---|
| campo de control de longitud fija | 00750nam a2200241 i 4500 |
| 001 - NÚMERO DE CONTROL | |
| campo de control | 18345 |
| 003 - IDENTIFICADOR DEL NÚMERO DE CONTROL | |
| campo de control | DO-SdUEMH |
| 005 - FECHA Y HORA DE LA ÚLTIMA TRANSACCIÓN | |
| campo de control | 20260115194336.0 |
| 007 - CAMPO FIJO DE DESCRIPCIÓN FÍSICA--INFORMACIÓN GENERAL | |
| campo de control de longitud fija | ta |
| 008 - DATOS DE LONGITUD FIJA--INFORMACIÓN GENERAL | |
| campo de control de longitud fija | 260115b2015 dr a|||gr|||| 00| 0 spa d |
| 020 ## - NÚMERO INTERNACIONAL ESTÁNDAR DEL LIBRO | |
| Número Internacional Estándar del Libro | 9789945898453 |
| 040 ## - FUENTE DE LA CATALOGACIÓN | |
| Centro catalogador/agencia de origen | DO-SdUEMH |
| Lengua de catalogación | spa |
| Normas de descripción | rda |
| 041 ## - CÓDIGO DE LENGUA | |
| Código de lengua del texto/banda sonora o título independiente | spa |
| 082 14 - NÚMERO DE LA CLASIFICACIÓN DECIMAL DEWEY | |
| Colección | Colección Dominicana |
| Número de documento/Ítem | R426p |
| 245 10 - MENCIÓN DE TÍTULO | |
| Título | Perfiles estadísticos provinciales: Regiones |
| Resto del título | cibao norte - noroeste / |
| 246 ## - FORMA VARIANTE DE TÍTULO | |
| Título propio/Titulo breve | Cibao Norte - Noroeste : |
| Resto del título | Perfiles estadísticos provinciales |
| 264 01 - PRODUCCIÓN, PUBLICACIÓN, DISTRIBUCIÓN, FABRICACIÓN Y COPYRIGHT | |
| Lugar de producción, publicación, distribución, fabricación | Santo Domingo : |
| Nombre del de productor, editor, distribuidor, fabricante | Oficina Nacional de Estadística, |
| Fecha de producción, publicación, distribución, fabricación o copyright | 2015 |
| 300 ## - DESCRIPCIÓN FÍSICA | |
| Extensión | 200 páginas : |
| Otras características físicas | ilustraciones ; |
| Dimensiones | 28 cm. |
| 336 ## - TIPO DE CONTENIDO | |
| Fuente | rdacontent |
| Término de tipo de contenido | texto |
| Código de tipo de contenido | txt |
| 337 ## - TIPO DE MEDIO | |
| Fuente | rdamedia |
| Nombre del tipo de medio | sin mediación |
| Código del tipo de medio | n |
| 338 ## - TIPO DE SOPORTE | |
| Fuente | rdacarrier |
| Nombre del tipo de soporte | volumen |
| Código del tipo de soporte | nc |
| 942 ## - ELEMENTOS DE PUNTO DE ACCESO ADICIONAL (KOHA) | |
| Fuente del sistema de clasificación o colocación | Dewey Decimal Classification |
| Suprimir en OPAC | No |
| Tipo de ítem Koha | Libro |
| Estado de retiro | Estado de pérdida | Fuente del sistema de clasificación o colocación | Estado dañado | Disponibilidad para préstamo | Código de colección | Localización permanente | Ubicación/localización actual | Ubicación en estantería | Fecha de adquisición | Fuente de adquisición | Total de préstamos | Signatura topográfica completa | Código de barras | Fecha visto por última vez | Número de copia | Precio válido a partir de | Tipo de ítem Koha |
|---|---|---|---|---|---|---|---|---|---|---|---|---|---|---|---|---|---|
| Dewey Decimal Classification | Disponible para préstamo | Colección Dominicana | UNIREMHOS SEDE | UNIREMHOS SEDE | Colección Dominicana | 01/15/2026 | Donación | RD | 1600151 | 01/15/2026 | ej. 1 | 01/15/2026 | Libro |




